Statystyki dla Półfinaliści mistrzostw świata w piłce nożnej

Kliknij tutaj aby rozwiązać quiz!

Ogólne statystyki

  • Ten quiz został rozwiązany 256 razy
    (99 od ostatniego zresetowania)
  • Średni wynik to 82 z 88

Statystyki odpowiedzi

RokReprezentacja% Poprawnych
Argentyna
99%
2022Argentyna
99%
1986Argentyna
99%
1978Argentyna
99%
Argentyna
99%
Argentyna
99%
2018Francja
99%
Francja
99%
1998Francja
99%
Francja
99%
Francja
99%
Francja
99%
Francja
99%
Niemcy
99%
2014Niemcy
99%
Niemcy
99%
Niemcy
99%
Niemcy
99%
1990RFN
99%
RFN
99%
1974RFN
99%
RFN
99%
RFN
99%
RFN
99%
RFN
99%
1954RFN
99%
Anglia
98%
1966Anglia
98%
Anglia
98%
1962Brazylia
98%
2002Brazylia
98%
Brazylia
98%
1994Brazylia
98%
Brazylia
98%
Brazylia
98%
Brazylia
98%
Brazylia
98%
1970Brazylia
98%
1958Brazylia
98%
Brazylia
98%
Polska
98%
Polska
98%
2010Hiszpania
96%
Hiszpania
96%
Włochy
96%
Włochy
96%
1982Włochy
96%
Włochy
96%
Włochy
96%
1938Włochy
96%
1934Włochy
96%
2006Włochy
96%
Belgia
95%
Belgia
95%
Chorwacja
95%
Chorwacja
95%
Chorwacja
95%
Holandia
94%
Holandia
94%
Holandia
94%
Holandia
94%
Holandia
94%
Maroko
94%
1930Urugwaj
93%
Urugwaj
93%
1950Urugwaj
93%
Urugwaj
93%
Urugwaj
93%
Portugalia
90%
Portugalia
90%
Szwecja
86%
Szwecja
86%
Szwecja
86%
Szwecja
86%
Stany Zjednoczone
85%
Turcja
81%
Korea Południowa
80%
ZSRR
79%
Jugosławia
77%
Jugosławia
77%
Węgry
75%
Węgry
75%
Chile
74%
Czechosłowacja
74%
Czechosłowacja
74%
Austria
64%
Austria
64%
Bułgaria
62%

Rozkład punktacji

Percentyl według liczby udzielonych odpowiedzi

Procent ludzi z każdym wynikiem

Twoja historia wyników

Nie rozwiązałeś tego quizu od ostatniego zresetowania